Statistics for Top 100 Largest Cities in Russia

Click here to take the quiz!

General Stats

  • This quiz has been taken 41 times
  • The average score is 40 of 100

Answer Stats

Number by RankCity% Correct
1.Moscow
97%
2.Saint Petersburg
94%
9.Omsk
90%
8.Samara
90%
5.Kazan
87%
6.Nizhny Novgorod
87%
10.Rostov-on-Don
87%
69.Murmansk
84%
11.Ufa
84%
27.Vladivostok
84%
4.Yekaterinburg
84%
3.Novosibirsk
81%
14.Perm
81%
15.Volgograd
81%
29.Tomsk
77%
23.Irkutsk
74%
16.Krasnodar
68%
45.Sochi
68%
58.Grozny
65%
54.Arkhangelsk
61%
7.Chelyabinsk
61%
17.Saratov
61%
57.Yakutsk
58%
26.Yaroslavl
58%
34.Astrakhan
55%
40.Kaliningrad
55%
24.Khabarovsk
55%
52.Vladimir
55%
13.Voronezh
55%
50.Belgorod
52%
12.Krasnoyarsk
52%
28.Orenburg
52%
49.Bryansk
48%
43.Kursk
48%
25.Makhachkala
48%
89.Veliky Novgorod
48%
19.Tolyatti
45%
41.Tula
45%
44.Ulan-Ude
45%
22.Ulyanovsk
45%
21.Barnaul
42%
93.Pskov
42%
60.Smolensk
42%
18.Tyumen
42%
30.Kemerovo
39%
35.Kirov
39%
38.Lipetsk
39%
46.Tver
39%
48.Ivanovo
35%
47.Magnitogorsk
35%
66.Oryol
35%
36.Penza
35%
42.Stavropol
35%
20.Izhevsk
32%
32.Ryazan
32%
65.Vologda
32%
53.Chita
29%
56.Kaluga
29%
61.Saransk
29%
68.Tambov
29%
98.Abakan
26%
85.Engels
26%
70.Petrozavodsk
26%
67.Vladikavkaz
26%
88.Bratsk
23%
72.Kostroma
23%
82.Nalchik
23%
90.Orsk
23%
64.Podolsk
23%
95.Yuzhno-Sakhalinsk
23%
37.Balashikha
19%
39.Cheboksary
19%
76.Khimki
19%
80.Komsomolsk-on-Amur
19%
63.Kurgan
19%
74.Novorossiysk
19%
51.Surgut
19%
77.Taganrog
19%
33.Naberezhnye Chelny
16%
91.Stary Oskol
16%
79.Syktyvkar
16%
73.Yoshkar-Ola
16%
92.Angarsk
13%
62.Cherepovets
13%
31.Novokuznetsk
13%
75.Sterlitamak
13%
99.Armavir
10%
100.Balakovo
10%
96.Biysk
10%
86.Blagoveshchensk
10%
87.Korolyov
10%
78.Mytishchi
10%
81.Nizhnekamsk
10%
71.Nizhnevartovsk
10%
97.Prokopyevsk
10%
83.Shakhty
10%
59.Volzhsky
10%
84.Dzerzhinsk
6%
94.Lyubertsy
6%
55.Nizhny Tagil
6%

Score Distribution

Percentile by Number Answered

Percent of People with Each Score

Your Score History

You have not taken this quiz